Statistics for All Female U.S. Senators

Click here to take the quiz!

General Stats

  • This quiz has been taken 335 times
  • The average score is 24 of 58

Answer Stats

YearsStateSenator% Correct
1992-CaliforniaDianne Feinstein
88%
2013-MassachusettsElizabeth Warren
77%
2001-2009New YorkHillary Clinton
77%
2017-2021CaliforniaKamala Harris
75%
2019-ArizonaKrysten Sinema
75%
2002-AlaskaLisa Murkowski
75%
1997-MaineSusan Collins
75%
2009-New YorkKirsten Gillibrand
73%
2007-MinnesotaAmy Klobuchar
72%
1949-1973MaineMargaret
Chase Smith
72%
2018-MinnesotaTina Smith
72%
2017-IllinoisTammy Duckworth
67%
1993-2017CaliforniaBarbara Boxer
63%
2015-IowaJoni Ernst
61%
2019-TennesseeMarsha Blackburn
61%
2013-HawaiiMazie Hirono
60%
2013-WisconsinTammy Baldwin
58%
2017-New HampshireMaggie Hassan
54%
2001-MichiganDebbie Stabenow
52%
1993-WashingtonPatty Murray
52%
2017-NevadaCatherine
Cortez Masto
51%
2015-West VirginiaShelley
Moore Capito
51%
2018-MississippiCindy Hyde-Smith
50%
2009-New HampshireJeanne Shaheen
48%
2003-2009North CarolinaElizabeth Dole
46%
2019-NevadaJacky Rosen
44%
2021-WyomingCynthia Lummis
43%
2020-2021GeorgiaKelly Loeffler
43%
2019-2020ArizonaMartha McSally
43%
1995-2013MaineOlympia Snowe
42%
2007-2019MissouriClaire McCaskill
41%
2001-WashingtonMaria Cantwell
41%
2013-NebraskaDeb Fischer
40%
2013-2019North DakotaHeidi Heitkamp
39%
1993-2013TexasKay Hutchison
35%
2011-2017New HampshireKelly Ayotte
34%
1987-2017MarylandBarbara Mikulski
33%
1997-2015LouisianaMary Landrieu
31%
1999-2011ArkansasBlanche Lincoln
29%
1993-1999IllinoisCarol Moseley-Braun
29%
2009-2015North CarolinaKay Hagan
25%
2001-2002MissouriJean Carnahan
20%
1978-1997KansasNancy Kassebaum
20%
1936-1937LouisianaRose Long
18%
1978MinnesotaMuriel Humphrey
14%
1972LouisianaElaine Edwards
13%
1981-1987FloridaPaula Hawkins
13%
1931-1945ArkansasHattie Caraway
12%
1992North DakotaJocelyn Burdick
11%
1922GeorgiaRebecca Felton
11%
1996KansasSheila Frahm
11%
1978AlabamaMaryon Allen
10%
1954NebraskaHazel Abel
9%
1960-1967OregonMaurine Neuberger
9%
1937-1938AlabamaDixie Graves
8%
1954NebraskaEva Bowring
8%
1938-1939South DakotaGladys Pyle
8%
1948South DakotaVera C. Bushfield
7%

Score Distribution

Percentile by Number Answered

Percent of People with Each Score

Your Score History

You have not taken this quiz